000 00643nam a2200265Ia 4500
005 20260121114438.0
008 008 260114s9999 xx 000 0 eng d
020 _a9789354641039
037 _aEBOOK
040 _aCRL
040 _beng
040 _cCRL
041 _2eng
041 _aeng
084 _qCRL
100 _aMangan
_9975187
245 0 _aGlobal Logistics and Supply Chain Management, 4ed
260 _bWiley
260 _c2022
650 _aOperations Management
_9975188
856 _uhttps://ebooks.wileyindia.com/product-details/343384
942 _cEBOOK
999 _c1554208
_d1554208